[Event "IND-ch U25 26th"]
[Site "Port Blair"]
[Date "2017.07.17"]
[Round "7"]
[White "Sharang, Sanjeev Kapoor"]
[Black "Kushagra, Mohan"]
[Result "0-1"]
[WhiteElo "2017"]
[BlackElo "2003"]
[PlyCount "104"]
[EventDate "2017.07.13"]
[EventType "swiss"]
[EventRounds "9"]
[EventCountry "IND"]
[SourceTitle "EXT 2018"]
[Source "ChessBase"]
[SourceDate "2017.10.13"]
[SourceVersion "1"]
[SourceVersionDate "2017.10.13"]
[SourceQuality "1"]

1. e3 e5 2. b3 Nc6 3. Bb2 Nf6 4. Bb5 Bd6 5. Ne2 0-0 6. d4 e4 7. Bxc6 dxc6 8. h3 Re8 9. c4 b5 10. Qc2 Rb8 11. Nd2 Bf5 12. c5 Bf8 13. g4 Bg6 14. 0-0-0 Nd5 15. a3 Qh4 16. Rh2 Be7 17. Nc3 Bg5 18. Nxd5 cxd5 19. Rdh1 f5 20. gxf5 Bh5 21. Rg1 Rf8 22. Rhg2 Bh6 23. Rg3 Qf6 24. Nxe4 Qxf5 25. Nc3 Qxc2+ 26. Kxc2 Rxf2+ 27. Kb1 Bg6+ 28. Rxg6 hxg6 29. Nxd5 Re2 30. Rxg6 Rf8 31. Rg1 Rf7 32. Bc1 c6 33. Nc3 Ref2 34. b4 a6 35. d5 cxd5 36. Nxd5 Rd7 37. e4 Bxc1 38. Rxc1 Rdf7 39. c6 R7f3 40. Nc3 Rf1 41. Rxf1 Rxf1+ 42. Kc2 Rf6 43. Kd3 Rxc6 44. e5 Rh6 45. Kd4 Rxh3 46. Ne4 Kf8 47. Nd6 Rxa3 48. Kd5 Ra1 49. Ke6 Re1 50. Nf5 g5 51. Kf6 g4 52. e6 Rf1 0-1

[Event "IND-ch U25 26th"]
[Site "Port Blair"]
[Date "2017.07.14"]
[Round "3"]
[White "Sharang, Sanjeev Kapoor"]
[Black "Nitin, M Pai"]
[Result "1-0"]
[WhiteElo "2017"]
[BlackElo "1660"]
[PlyCount "67"]
[EventDate "2017.07.13"]
[EventType "swiss"]
[EventRounds "9"]
[EventCountry "IND"]
[SourceTitle "EXT 2018"]
[Source "ChessBase"]
[SourceDate "2017.10.13"]
[SourceVersion "1"]
[SourceVersionDate "2017.10.13"]
[SourceQuality "1"]

1. e4 c5 2. Nc3 Nc6 3. g3 Nf6 4. Bg2 d6 5. d3 g6 6. h3 Bg7 7. Be3 0-0 8. Nge2 Rb8 9. f4 Bd7 10. Qd2 b5 11. 0-0 Qc7 12. g4 e6 13. f5 b4 14. Nd1 exf5 15. exf5 gxf5 16. Bh6 Ne8 17. gxf5 f6 18. Ng3 Ne7 19. Be3 Kh8 20. Kh2 Bc6 21. Bxc6 Qxc6 22. Nf2 Nd5 23. Ng4 Nxe3 24. Qxe3 Rg8 25. Nh5 d5 26. Rae1 Nc7 27. Qg3 Bf8 28. Qh4 Bd6+ 29. Kh1 d4+ 30. Re4 Be7 31. Nh6 Rgf8 32. Qg4 Ne8 33. Qg8+ Rxg8 34. Nf7# 1-0

[Event "New Delhi Parsvnath op 13th"]
[Site "New Delhi"]
[Date "2015.01.13"]
[Round "7"]
[White "Santu, Mondal"]
[Black "Sharang, Sanjeev Kapoor"]
[Result "1-0"]
[WhiteElo "2178"]
[BlackElo "1999"]
[PlyCount "91"]
[EventDate "2015.01.09"]
[EventType "tourn"]
[EventRounds "10"]
[EventCountry "IND"]
[SourceTitle "CBM 164 Extra"]
[Source "ChessBase"]
[SourceDate "2015.03.02"]
[SourceVersion "1"]
[SourceVersionDate "2015.03.02"]
[SourceQuality "1"]

1. d4 d5 2. Nf3 Nf6 3. c4 c6 4. g3 Bf5 5. Nc3 h6 6. Qb3 Qb6 7. c5 Qxb3 8. axb3 Na6 9. Bg2 Nd7 10. 0-0 e5 11. e3 Be7 12. Re1 e4 13. Nd2 Nb4 14. Ra4 a5 15. Rd1 0-0 16. h3 Rfb8 17. g4 Bg6 18. Nf1 Nd3 19. f3 exf3 20. Bxf3 Bg5 21. Be2 Nb4 22. Bd2 b6 23. cxb6 Nxb6 24. Ra3 Nc2 25. Ra2 Nb4 26. Ra3 Nc8 27. Rc1 Nc2 28. Ra2 Nb4 29. Ra3 Be7 30. Na4 Bd3 31. Bxd3 Nxd3 32. Rc3 Nb4 33. Nc5 Nd6 34. Rc1 Nb5 35. Ra4 Nc7 36. Nd7 Rd8 37. Ne5 c5 38. Bxb4 axb4 39. Nc6 Rxa4 40. bxa4 Re8 41. Nxe7+ Rxe7 42. Rxc5 Kf8 43. Kf2 Ke8 44. Ng3 g6 45. Ne2 Kd7 46. Nf4 1-0

[Event "Asian Schools-ch  U15"]
[Site "Taichung"]
[Date "2014.08.26"]
[Round "5"]
[White "Liu, Xiangyi"]
[Black "Sharang, Sanjeev Kapoor"]
[Result "1-0"]
[WhiteElo "2209"]
[BlackElo "1863"]
[PlyCount "69"]
[EventDate "2014.08.24"]
[EventType "swiss"]
[EventRounds "9"]
[EventCountry "TPE"]
[SourceTitle "EXT 2018"]
[Source "ChessBase"]
[SourceDate "2017.10.13"]
[SourceVersion "1"]
[SourceVersionDate "2017.10.13"]
[SourceQuality "1"]

1. e4 c5 2. Nf3 Nc6 3. Bb5 g6 4. 0-0 Bg7 5. Re1 Nf6 6. c3 0-0 7. d4 cxd4 8. cxd4 d5 9. e5 Ne4 10. Nc3 Nxc3 11. bxc3 Qa5 12. Qb3 Bg4 13. Ba3 Rfe8 14. Nd2 Bh6 15. Nf1 a6 16. Bd3 Be6 17. Bc5 Qc7 18. Bb6 Qd7 19. Ne3 f6 20. Nc2 Rac8 21. Rad1 Kg7 22. Qb2 Kf7 23. Na1 fxe5 24. dxe5 Bf4 25. c4 d4 26. Nb3 Nxe5 27. Bxd4 Nxd3 28. Rxd3 Qc6 29. Rf3 g5 30. Bh8 Rxh8 31. Nd4 Qc5 32. Nxe6 Rhg8 33. Qe5 Ke8 34. Nxf4 gxf4 35. Qxe7+ 1-0

[Event "IND-ch U15"]
[Site "Thrissur"]
[Date "2014.08.08"]
[Round "7"]
[White "Sharang, Sanjeev Kapoor"]
[Black "Sarbojit, Paul"]
[Result "0-1"]
[WhiteElo "1863"]
[BlackElo "1955"]
[PlyCount "71"]
[EventDate "2014.08.04"]
[EventType "swiss"]
[EventRounds "11"]
[EventCountry "IND"]
[SourceTitle "CBM 162 Extra"]
[Source "ChessBase"]
[SourceDate "2014.10.17"]
[SourceVersion "1"]
[SourceVersionDate "2014.10.17"]
[SourceQuality "1"]

1. e4 e5 2. Nf3 Nc6 3. d4 exd4 4. Bc4 Nf6 5. 0-0 Nxe4 6. Re1 d5 7. Bxd5 Qxd5 8. Nc3 Qh5 9. Nxe4 Be6 10. Bg5 h6 11. Bf6 Qd5 12. Nxd4 Nxd4 13. Qxd4 Qxd4 14. Bxd4 0-0-0 15. Bc3 Bf5 16. Re2 Bh7 17. Rae1 Rg8 18. a3 f5 19. Ng3 Bg6 20. Bb4 Bxb4 21. axb4 f4 22. Ne4 Rge8 23. Kf1 Bf7 24. b3 b6 25. f3 Kb7 26. Nd6+ Rxd6 27. Rxe8 Bxe8 28. Rxe8 Rd2 29. Re2 Rd4 30. Re7 Rd2 31. Re2 Rxe2 32. Kxe2 Kc6 33. Kd3 Kb5 34. Kd4 Kxb4 35. Ke4 a5 36. Kd3 0-1